[Event "Osijek op 12th"]
[Site "Osijek"]
[Date "2019.02.23"]
[Round "6.26"]
[White "Lovakovic, Franjo"]
[Black "Gnjajic, Blagoja"]
[Result "1-0"]
[WhiteElo "1859"]
[BlackElo "1663"]
[PlyCount "105"]
[EventDate "2019.02.21"]
[EventType "swiss"]
[EventRounds "7"]
[EventCountry "CRO"]
[SourceTitle "EXT 2023"]
[Source "ChessBase"]
[SourceDate "2022.10.05"]
[SourceVersion "1"]
[SourceVersionDate "2022.10.05"]
[SourceQuality "1"]

1. e4 e5 2. Nf3 d6 3. d4 Bg4 4. dxe5 Bxf3 5. Qxf3 dxe5 6. Bc4 Qf6 7. Qb3 b6 8. Nc3 c6 9. 0-0 Nd7 10. Be3 Nh6 11. f4 Nc5 12. Bxc5 Bxc5+ 13. Kh1 exf4 14. Nd5 cxd5 15. Qb5+ Kf8 16. Bxd5 Rd8 17. c3 Ng4 18. h3 Qh4 19. Rxf4 Nf2+ 20. Rxf2 Qxf2 21. Rf1 Rxd5 22. Rxf2 Rd1+ 23. Rf1 Rxf1+ 24. Qxf1 Ke7 25. b4 Bd6 26. Qf5 f6 27. c4 g6 28. Qd5 Rd8 29. g4 Bxb4 30. Qb7+ Rd7 31. Qb8 Bd6 32. Qg8 Be5 33. Qxh7+ Kd8 34. Qxg6 Rd1+ 35. Kg2 Rd2+ 36. Kf1 Rxa2 37. h4 Ra1+ 38. Kg2 Ra2+ 39. Kf1 Ra1+ 40. Kg2 Ra2+ 41. Kf3 Ra3+ 42. Ke2 Ra2+ 43. Kd1 Bc3 44. h5 Rh2 45. h6 a5 46. h7 Kc7 47. Qg7+ Kc6 48. h8Q Rxh8 49. Qxh8 Kc5 50. g5 a4 51. Kc2 Be5 52. g6 Kxc4 53. g7 1-0

[Event "Osijek op 12th"]
[Site "Osijek"]
[Date "2019.02.22"]
[Round "4.28"]
[White "Grguric, Damir"]
[Black "Gnjajic, Blagoja"]
[Result "1-0"]
[WhiteElo "1991"]
[BlackElo "1663"]
[PlyCount "87"]
[EventDate "2019.02.21"]
[EventType "swiss"]
[EventRounds "7"]
[EventCountry "CRO"]
[SourceTitle "EXT 2023"]
[Source "ChessBase"]
[SourceDate "2022.10.05"]
[SourceVersion "1"]
[SourceVersionDate "2022.10.05"]
[SourceQuality "1"]

1. d4 d5 2. c4 Nf6 3. Nc3 e6 4. Bg5 Be7 5. Nf3 0-0 6. e3 Nbd7 7. h3 Ne4 8. Bxe7 Qxe7 9. cxd5 Nxc3 10. bxc3 exd5 11. Bd3 f5 12. Qc2 Nb6 13. a4 a5 14. Ne5 Be6 15. 0-0 Nd7 16. f4 Nxe5 17. fxe5 g6 18. c4 b6 19. cxd5 Bxd5 20. Bc4 c6 21. Bxd5+ cxd5 22. Qb3 Qe6 23. Rab1 Rab8 24. Qb5 Rf7 25. Rfc1 Qd7 26. Qxd7 Rxd7 27. Rc6 Rdb7 28. Rb5 Kf7 29. Kf2 g5 30. Rf6+ Kg7 31. Rxf5 Rf7 32. Rxf7+ Kxf7 33. Rxd5 Ke6 34. Rb5 h5 35. Kf3 Rf8+ 36. Ke4 Rb8 37. d5+ Kd7 38. Kf5 Kc7 39. e6 Kd6 40. e4 Rf8+ 41. Kxg5 Ke5 42. Rxb6 Rg8+ 43. Kxh5 Rxg2 44. e7 1-0

[Event "Osijek op 12th"]
[Site "Osijek"]
[Date "2019.02.21"]
[Round "1.18"]
[White "Gnjajic, Blagoja"]
[Black "Horvat, Damjan"]
[Result "0-1"]
[WhiteElo "1663"]
[BlackElo "2049"]
[PlyCount "94"]
[EventDate "2019.02.21"]
[EventType "swiss"]
[EventRounds "7"]
[EventCountry "CRO"]
[SourceTitle "EXT 2023"]
[Source "ChessBase"]
[SourceDate "2022.10.05"]
[SourceVersion "1"]
[SourceVersionDate "2022.10.05"]
[SourceQuality "1"]

1. e4 e5 2. b3 Nf6 3. d3 d5 4. exd5 Nxd5 5. Bb2 Nc6 6. g3 Bc5 7. Bg2 0-0 8. Ne2 Bg4 9. c4 Ndb4 10. 0-0 Nxd3 11. Qc2 Ncb4 12. Qd2 Nxb2 13. Qxb2 Bxe2 14. Qxe2 Bd4 15. a3 Bxa1 16. axb4 c6 17. Qa2 Bd4 18. c5 Qc7 19. Qc2 a5 20. Nd2 axb4 21. Nc4 h6 22. Nd6 Ra1 23. Rxa1 Bxa1 24. h4 b6 25. Nf5 Bd4 26. cxb6 Bxb6 27. Qe4 Kh8 28. Qg4 g6 29. Qxb4 Qd8 30. Nxh6 Kg7 31. Ng4 Qd1+ 32. Kh2 Qd4 33. Qa4 f5 34. Ne3 Qxa4 35. bxa4 Bxe3 36. fxe3 e4 37. g4 Ra8 38. gxf5 gxf5 39. Kg3 Kf6 40. Kf4 Rxa4 41. h5 Ra2 42. Bh3 Rf2+ 43. Kg3 Rf3+ 44. Kh4 Rxh3+ 45. Kxh3 Kg5 46. Kg3 c5 47. Kf2 Kxh5 0-1